[Event "10th A Margaryan Memorial 2020"]
[Site "Yerevan"]
[Date "2020.01.15"]
[Round "5.2"]
[White "Matviishen, Viktor"]
[Black "Shahinyan, David"]
[Result "1-0"]
[WhiteElo "2497"]
[BlackElo "2444"]
[Annotator "TA"]
[PlyCount "81"]
[EventDate "2020.01.09"]
[EventType "tourn"]
[EventCountry "ARM"]
[SourceTitle "playchess.com"]
[Source "ChessBase"]
[SourceQuality "1"]

{[%evp 13,109,13,40,0,0,0,0,26,32,16,22,8,25,-11,26,13,22,0,0,0,2,-43,0,-1,-3,-15,0,-18,0,0,23,-14,0,0,0,0,0,-27,0,0,0,0,0,0,0,0,17,0,0,0,0,0,0,0,0,0,0,0,0,0,204,178,308,287,388,403,336,276,261,230,258,244,204,30,32,35,37,45,35,31,49,18,626,611,1033,1065,1064,1068,1785,673,549,547,29969,698,5197,1010,897,881]} 1. d4 e6 2. c4 f5 3. g3 Nf6 4. Bg2 d5 5. Nh3 c6 6. O-O Bd6 7. Bf4 Be7 8. Nd2 {A90: Dutch Defence: Miscellaneous and Modern Stonewall (with ...Bd6)} (8. Qc2 O-O 9. Rd1 h6 10. Nc3 Qe8 11. Rac1 g5 12. Be5 Nbd7 13. f3 Nxe5 14. dxe5 Nd7 15. f4 dxc4 16. Nb1 gxf4 17. gxf4 {½-½ (55) Aronian,L (2792)-Carlsen,M (2855) Leuven 2016}) 8... Qb6 9. Nf3 $146 ({Predecessor:} 9. Qc2 Qxd4 10. Be3 {½-½ (10) Linna,A (2554)-Bern,I (2592) ICCF corr 2002}) 9... Qxb2 10. c5 {The position is equal.} Qa3 11. Qc2 {[%mdl 1024] White has compensation.} Qa5 12. a4 O-O 13. Rfb1 Na6 14. Ne5 Qd8 15. f3 Nd7 16. Nxd7 Qxd7 17. Nf2 b6 {[%cal Rb6c5]} 18. Nd3 bxc5 19. dxc5 Bf6 20. Bd6 Bxa1 21. Rxa1 Rb8 22. Qc3 Qb7 23. Qa5 Re8 24. f4 Qb3 25. Rf1 Bb7 26. Bf3 Rbd8 27. Kg2 g6 28. h4 h5 $1 29. Ne5 Kg7 30. Nd3 Kh7 31. Ra1 Rd7 32. Qe1 Rg7 33. Rb1 Qa2 34. Rb2 Qxa4 35. Qc3 {[#]} e5 $1 36. fxe5 (36. Nxe5 Bc8) 36... f4 $2 (36... Bc8 $1 $11 {and Black has nothing to worry.}) 37. Nxf4 {aiming for e6.} Bc8 {[#]} (37... Qc4 $142 38. Qxc4 dxc4) 38. e6 $1 $18 {[%mdl 512]} d4 (38... Bxe6 39. Qf6) 39. Qd3 {And now Bxh5 would win.} Rxe6 {White should prevent ...Re3.} 40. Nxe6 Bxe6 41. Qd2 {Played: Bf3-e4} 1-0

[Event "10th A Margaryan Memorial 2020"]
[Site "Yerevan"]
[Date "2020.01.14"]
[Round "5.3"]
[White "Levin, Evgeny A."]
[Black "Galperin, Platon"]
[Result "1/2-1/2"]
[WhiteElo "2527"]
[BlackElo "2460"]
[Annotator "TA"]
[PlyCount "40"]
[EventDate "2020.01.09"]
[EventType "tourn"]
[EventCountry "ARM"]
[SourceTitle "playchess.com"]
[Source "ChessBase"]
[SourceQuality "1"]

{[%evp 16,40,20,12,20,20,20,19,19,22,23,20,10,10,10,11,28,27,25,20,26,24,36,22,31,37,70]} 1. d4 Nf6 2. c4 g6 3. Nc3 Bg7 4. e4 d6 5. Nf3 O-O 6. Be2 e5 7. O-O Nc6 8. dxe5 dxe5 9. Bg5 Bg4 {E97: King's Indian: Classical Main Line (6...e5 7 0-0 Nc6): 8 Be3 and 8 d5 Ne7, not 9 Ne1} (9... Qxd1 10. Rfxd1 h6 11. Be3 Bg4 12. h3 Bxf3 13. Bxf3 Rfd8 14. Nd5 Ne8 15. Rac1 a5 16. c5 a4 17. Be2 Nd4 18. Bxd4 exd4 19. c6 b6 20. Bd3 Ra5 21. Rc4 {0-1 (61) Lenic,L (2645)-Vachier Lagrave,M (2780) chess.com INT 2019}) 10. Qxd8 Nxd8 11. Bxf6 ({Much worse is} 11. Nxe5 Bxe2 12. Nxe2 Nxe4 $17) 11... Bxf6 {The position is equal.} 12. Nd5 {[%mdl 64] [#] Double Attack} Kg7 13. Nxc7 ({Reject} 13. Nxf6 Kxf6 14. Rae1 Bxf3 $17) 13... Rc8 14. Nd5 Bxf3 15. gxf3 Bg5 16. Kg2 Ne6 17. Rh1 $146 ({Predecessor:} 17. b4) 17... Bh4 18. Bd3 f5 19. exf5 gxf5 20. Rhe1 e4 1/2-1/2

[Event "10th A Margaryan Memorial 2020"]
[Site "Yerevan"]
[Date "2020.01.13"]
[Round "5.4"]
[White "Sturua, Zurab"]
[Black "Barseghyan, Armen Ar."]
[Result "1-0"]
[WhiteElo "2530"]
[BlackElo "2408"]
[Annotator "TA"]
[PlyCount "42"]
[EventDate "2020.01.09"]
[EventType "tourn"]
[EventCountry "ARM"]
[SourceTitle "playchess.com"]
[Source "ChessBase"]
[SourceQuality "1"]

{[%evp 12,42,27,3,11,0,1,-2,-12,-17,0,0,108,108,105,98,97,99,183,191,235,220,252,245,234,233,229,228,246,230,434,0,309]} 1. Nf3 c5 2. c4 g6 3. g3 b6 4. Bg2 Bb7 5. Nc3 Bg7 6. O-O Nf6 7. d3 d5 {A30: Symmetrical English: Double Fianchetto and Hedgehog} (7... Nc6 8. e4 O-O 9. h3 d6 10. Be3 Rc8 11. b3 e5 12. Qd2 Nh5 13. Rab1 Kh8 14. Bh6 f5 15. Bxg7+ Nxg7 16. Qh6 Qd7 17. Nh4 Ne7 18. f4 fxe4 19. dxe4 {1-0 (41) Bacrot,E (2730)-Zhao,X (2579) Cap d'Agde 2013}) 8. Ne5 O-O $1 9. Bf4 e6 10. Rc1 $146 ({Predecessor:} 10. Qd2 Nh5 11. cxd5 exd5 12. Rad1 Re8 13. Nf3 Nxf4 14. Qxf4 Na6 15. d4 Nc7 16. dxc5 bxc5 {½-½ (31) Balleer,D (2264)-Chomicki,H (2130) ICCF email 2012}) 10... Qe7 11. Bg5 h6 (11... Qc7 $11 12. f4 Nbd7) 12. cxd5 $1 $16 exd5 13. Nxd5 Bxd5 14. Bxf6 $1 Qb7 (14... Qe6 $16 {was worth a try.} 15. Bxg7 Kxg7) 15. Bxg7 $18 Kxg7 16. e4 Be6 17. d4 Nd7 18. Nd3 {d5 is the strong threat.} cxd4 19. Nf4 Rad8 20. Qxd4+ Nf6 $2 {[#]} (20... Kg8 21. Nxe6 fxe6) 21. e5 $2 (21. Qxf6+ $1 $18 {[%mdl 512]} Kxf6 {[#]} 22. e5+ $1 {[%mdl 576] Discovered Attack} Kxe5 23. Bxb7) 21... Nd5 $2 {[%mdl 8192] Accuracy: White = 60%, Black = 38%.} (21... Qxg2+ $1 $11 {and Black is okay.} 22. Kxg2 Rxd4 23. Nxe6+ fxe6) 1-0

[Event "10th A Margaryan Memorial 2020"]
[Site "Yerevan"]
[Date "2020.01.14"]
[Round "5.4"]
[White "Sturua, Zurab"]
[Black "Barseghyan, Armen Ar."]
[Result "1-0"]
[WhiteElo "2530"]
[BlackElo "2408"]
[Annotator "TA"]
[PlyCount "41"]
[EventDate "2020.01.09"]
[EventType "tourn"]
[EventCountry "ARM"]
[SourceTitle "playchess.com"]
[Source "ChessBase"]
[SourceQuality "1"]

{[%evp 12,41,29,2,0,10,10,-8,2,-15,0,0,100,97,93,106,97,96,179,173,226,247,233,232,239,240,240,236,233,232,453,449]} 1. Nf3 c5 2. c4 g6 3. g3 b6 4. Bg2 Bb7 5. Nc3 Bg7 6. O-O Nf6 7. d3 d5 {A30: Symmetrical English: Double Fianchetto and Hedgehog} (7... Nc6 8. e4 O-O 9. h3 d6 10. Be3 Rc8 11. b3 e5 12. Qd2 Nh5 13. Rab1 Kh8 14. Bh6 f5 15. Bxg7+ Nxg7 16. Qh6 Qd7 17. Nh4 Ne7 18. f4 fxe4 19. dxe4 {1-0 (41) Bacrot,E (2730)-Zhao,X (2579) Cap d'Agde 2013}) 8. Ne5 O-O $1 9. Bf4 e6 {The position is equal.} 10. Rc1 $146 ({Predecessor:} 10. Qd2 Nh5 11. cxd5 exd5 12. Rad1 Re8 13. Nf3 Nxf4 14. Qxf4 Na6 15. d4 Nc7 16. dxc5 bxc5 {½-½ (31) Balleer,D (2264)-Chomicki,H (2130) ICCF email 2012}) 10... Qe7 11. Bg5 h6 {[#]} (11... Qc7 $11 12. f4 d4) 12. cxd5 $1 $16 exd5 13. Nxd5 Bxd5 14. Bxf6 $1 Qb7 (14... Qd6 $16 {was necessary.} 15. Nc4 Qxf6 16. Bxd5 Nc6) 15. Bxg7 $18 Kxg7 (15... Bxg2 $142 16. Bxf8 (16. Bxh6 Bxf1 17. Qxf1 Re8 $11) 16... Bxf1 17. Qxf1 Kxf8) 16. e4 Be6 17. d4 Nd7 18. Nd3 {Threatens to win with d5.} cxd4 19. Nf4 Rad8 20. Qxd4+ Nf6 $2 {[#]} (20... Kg8 21. Nxe6 fxe6) 21. Qxf6+ $1 {[%mdl 512] Accuracy: White = 79%, Black = 51%.} 1-0

[Event "10th A Margaryan Memorial 2020"]
[Site "Yerevan"]
[Date "2020.01.15"]
[Round "5.5"]
[White "Pogosyan, Stefan"]
[Black "Hayrapetyan, Hovik"]
[Result "0-1"]
[WhiteElo "2477"]
[BlackElo "2458"]
[Annotator "TA"]
[PlyCount "70"]
[EventDate "2020.01.09"]
[EventType "tourn"]
[EventCountry "ARM"]
[SourceTitle "playchess.com"]
[Source "ChessBase"]
[SourceQuality "1"]

{[%evp 15,82,8,18,0,0,0,18,7,9,-19,-24,-49,-39,-35,-33,-47,-38,-55,-52,-40,-4,0,-2,-17,0,0,0,1,10,14,8,15,22,0,0,-7,0,0,13,-41,13,6,2,0,0,-141,-159,-196,-193,-194,-180,-194,-180,-977,-321,-386,-289,-266,-273,-341,-354,-558,-441,-547,-417,-1018,-1004,-958,-931]} 1. e4 c5 2. Nf3 d6 3. d4 cxd4 4. Nxd4 Nf6 5. Nc3 e5 6. Nf3 Be7 7. Bc4 O-O 8. O-O a6 9. Qe2 {B56: Classical Sicilian: Unusual Lines} (9. a4 Nbd7 10. Re1 Qc7 11. b3 Nb6 12. Nd5 Nfxd5 13. Bxd5 Nxd5 14. exd5 Bg4 15. c4 f5 16. h3 Bh5 {0-1 (31) Sarwat,W (2236)-Vlassov,N (2384) Udaipur 2019}) 9... b5 $146 ({Predecessor:} 9... Qc7 10. Bg5 Be6 11. Bb3 Nbd7 12. Rfd1 h6 13. Bxf6 Nxf6 14. Nd5 Nxd5 15. Bxd5 Rac8 16. c3 Qb6 {½-½ (84) Ingvason,J (2142)-Schou Moldt,T (2228) Reykjavik 2014}) 10. Bb3 Bb7 11. Rd1 {The position is equal.} Nbd7 12. a3 Rc8 13. Nd5 Nxd5 14. Bxd5 Bxd5 15. Rxd5 Qc7 16. c3 Qc6 17. a4 {[%cal Ra4b5]} bxa4 {And now ...f5 would win.} 18. Be3 Nf6 19. Ra5 {[%mdl 64] Double Attack} Nxe4 20. Rxa6 Qd5 21. R1xa4 f5 22. R4a5 Qf7 23. Ra7 Qe6 24. Rb7 Bf6 25. Raa7 f4 26. Bb6 d5 27. h3 ({Better is} 27. Bc7 $11) 27... Rfe8 (27... Nd6 $15 28. Rc7 Nc4) 28. Bc7 $11 Nc5 {[%cal Be4c5,Bc5e6,Be6g5,Bg5f3][%mdl 32]} 29. Rb6 Qf5 30. Rb5 {[#]} (30. Rxf6 $11 gxf6 31. Qb5) 30... Ne6 $1 $36 {[%mdl 2048] Black is on the roll.} 31. Bxe5 {[#]} Ng5 $1 32. Rxd5 {aiming for Nxg5.} Nxf3+ 33. Qxf3 {Bxf6 is the strong threat.} Rxe5 34. Rdd7 $2 (34. Rxe5 Qxe5 35. Ra3) 34... Rce8 $2 (34... Re1+ 35. Kh2 Qb1 36. Rxg7+ {[%mdl 64] Decoy} Bxg7 37. Rxg7+ Kxg7 38. Qg4+ Kf6 39. Qxf4+ Qf5 40. Qd6+ Kf7) 35. Qb7 {[%cal Rd7g7]} Re1+ {Played: Qf5-g6} 0-1

[Event "10th A Margaryan Memorial 2020"]
[Site "Yerevan"]
[Date "2020.01.16"]
[Round "6.1"]
[White "Sargsyan, Anna M."]
[Black "Hayrapetyan, Hovik"]
[Result "1-0"]
[WhiteElo "2382"]
[BlackElo "2458"]
[Annotator "TA"]
[PlyCount "57"]
[EventDate "2020.01.09"]
[EventType "tourn"]
[EventCountry "ARM"]
[SourceTitle "playchess.com"]
[Source "ChessBase"]
[SourceQuality "1"]

{[%evp 9,89,0,10,0,13,-7,10,0,23,-11,11,16,29,26,66,20,45,48,60,51,70,74,84,19,35,22,57,67,67,68,168,164,318,53,141,137,127,125,141,0,52,51,42,51,44,42,47,11,57,43,43,46,45,46,52,54,64,51,107,16,30,27,24,30,31,39,31,14,668,668,2327,52,79,0,1813,613,2002,1951,29993,29993,29993,29994]} 1. d4 Nf6 2. Nf3 e6 3. e3 d5 4. Bd3 Nbd7 5. c4 dxc4 6. Bxc4 {D30: Queen's Gambit Declined: Systems without Nc3} a6 7. a4 $1 {[%mdl 4] outshines the older 7.0-0.} Bd6 8. O-O {The position is equal.} O-O 9. Nc3 e5 10. h3 {[#]} Qe7 $146 ({Predecessor:} 10... h6 11. Qc2 Re8 12. Ba2 Qe7 13. Nh4 Nf8 14. Nf5 Bxf5 15. Qxf5 c6 16. dxe5 Bxe5 {1-0 (46) Rahal,M (2355)-Arias Boo,G (2339) Barcelona 2015}) 11. Qc2 c5 12. a5 b5 13. axb6 $1 exd4 14. exd4 Nxb6 15. Re1 Qc7 16. Bd3 (16. Bg5 $16) 16... Bb7 17. Bg5 {Strongly threatening Bxf6.} Bxf3 18. Bxf6 $1 gxf6 19. gxf3 Kh8 ({Black should try} 19... cxd4 $14 20. Bxh7+ Kh8) 20. Bxh7 $18 Rg8+ $2 (20... cxd4 21. Ne2 Rg8+ 22. Kf1 Qxc2 23. Bxc2 Nc4) 21. Kh1 $2 ({Only move:} 21. Bxg8 $18 Rxg8+ 22. Kf1) 21... Rg7 (21... Rg5 $1 $14 22. Bf5 cxd4) 22. Bf5 $16 cxd4 {[#]} 23. Qd2 $1 {[%cal Rd2h6] Threatens to win with Qh6+.} Rg5 ({Not} 23... dxc3 $2 24. Qh6+ Kg8 25. Rg1 $18) 24. Ne4 (24. Qxd4 $16 Rxf5 25. Qh4+ Kg7 26. Rg1+ Kf8 27. Rae1) 24... Nc4 (24... Bf4 $11 25. Qa5 Rh5) 25. Qxd4 $14 Be5 $1 {[%cal Re5d4]} ({Wrong is} 25... Rxf5 $2 26. Nxf6 Rf4 27. Qd5 $16) 26. Qd7 Qxd7 27. Bxd7 Rgg8 28. Bc6 Ra7 29. f4 {Played: Bc6-b5} 1-0

[Event "10th A Margaryan Memorial 2020"]
[Site "Yerevan"]
[Date "2020.01.16"]
[Round "6.2"]
[White "Barseghyan, Armen Ar."]
[Black "Pogosyan, Stefan"]
[Result "1/2-1/2"]
[WhiteElo "2408"]
[BlackElo "2477"]
[Annotator "ChessBase"]
[PlyCount "202"]
[EventDate "2020.01.09"]
[EventType "tourn"]
[EventCountry "ARM"]
[SourceTitle "playchess.com"]
[Source "ChessBase"]
[SourceQuality "1"]
[TimeControl "40/5400+30:1800+30"]

1. d4 Nf6 2. Nf3 e6 3. e3 b6 4. Bd3 Bb7 5. O-O d5 6. b3 Bd6 7. Bb2 c5 8. Nbd2 O-O 9. dxc5 bxc5 10. c4 Nbd7 11. Rc1 a5 12. Bb1 a4 13. Re1 Qb8 14. g3 Re8 15. Ng5 h6 16. Nh3 Be5 17. Bxe5 Nxe5 18. cxd5 Bxd5 19. e4 axb3 20. axb3 Bc6 21. f4 Ned7 22. e5 Nd5 23. Nc4 f5 24. Nd6 Rf8 25. Bd3 Ra2 26. Bc4 Qb4 27. Nf2 N7b6 28. Nd3 Qa3 29. Re2 Rxe2 30. Qxe2 Nxc4 31. Nxc4 Qxb3 32. Nxc5 Nc3 33. Qd3 Qa2 34. Nd2 Ne4 35. Ncxe4 fxe4 36. Qc2 Qxc2 37. Rxc2 Bd5 38. Nf1 g5 39. Rf2 gxf4 40. gxf4 Ra8 41. Ne3 Ra3 42. Re2 Rd3 43. Kf2 Bb3 44. Rb2 Kg7 45. Ke2 Rc3 46. Rb1 Kg6 47. Rg1+ Kh5 48. Rg7 Ba4 49. Kf2 Rb3 50. Nf1 Rf3+ 51. Kg2 Rxf4 52. Ng3+ Kh4 53. Rg6 h5 54. Rxe6 e3 55. Rf6 Rxf6 56. exf6 Bb3 57. Ne4 Bd5 58. Kg1 Kg4 59. Nd6 Kf3 60. Kf1 e2+ 61. Ke1 Kg2 62. Kxe2 Kxh2 63. Ke3 h4 64. Nf5 h3 65. Kf2 Kh1 66. Ne7 Bf7 67. Nc6 Bd5 68. Ne5 Be6 69. Nf3 Bd5 70. Kg3 Be6 71. Ng5 Kg1 72. Nxh3+ Kf1 73. Ng5 Bg8 74. Kf3 Bd5+ 75. Kf4 Kf2 76. Ke5 Bg8 77. Kd6 Kg3 78. Ke7 Kh4 79. Ne4 Kh5 80. Kf8 Ba2 81. Nc5 Kg6 82. Ke7 Bf7 83. Nd7 Bg8 84. Ke8 Ba2 85. Kf8 Bf7 86. Ke7 Bg8 87. Ne5+ Kg5 88. Nc6 Kg6 89. Nd4 Kg5 90. Ne2 Kg6 91. Ng3 Kg5 92. Ne4+ Kg6 93. Nc5 Kg5 94. Nd7 Kg6 95. Ke8 Bf7+ 96. Kd8 Be6 97. Ke7 Bg8 98. Kf8 Be6 99. Ke8 Bxd7+ 100. Ke7 Be8 101. Kxe8 Kxf6 1/2-1/2

[Event "10th A Margaryan Memorial 2020"]
[Site "Yerevan"]
[Date "2020.01.15"]
[Round "6.3"]
[White "Galperin, Platon"]
[Black "Sturua, Zurab"]
[Result "1/2-1/2"]
[WhiteElo "2460"]
[BlackElo "2530"]
[Annotator "TA"]
[PlyCount "45"]
[EventDate "2020.01.09"]
[EventType "tourn"]
[EventCountry "ARM"]
[SourceTitle "playchess.com"]
[Source "ChessBase"]
[SourceQuality "1"]

{[%evp 20,45,14,0,0,0,-2,0,-6,-24,-17,-24,0,0,0,0,0,0,0,0,0,0,0,0,0,-9,0,-6]} 1. c4 Nf6 2. Nc3 c5 3. Nf3 e6 4. g3 Nc6 5. Bg2 d5 6. cxd5 Nxd5 7. O-O Be7 8. d4 O-O 9. Nxd5 exd5 10. dxc5 Bxc5 11. Ne1 Re8 {D41: Queen's Gambit Declined: Semi-Tarrasch with 5 cxd5} (11... Bg4 12. h3 Bf5 13. Nd3 Bb6 14. Nf4 d4 15. g4 Bg6 16. Qb3 Re8 17. Bd2 Be4 18. Rfe1 Qd7 19. Rac1 {½-½ (42) Webersberger,J (2356)-Schlosser,P (2571) Austria 2016}) 12. Nd3 Bb6 13. Nf4 d4 14. b3 Bg4 15. Re1 Qd7 $146 ({Predecessor:} 15... d3 16. Nxd3 Nd4 17. Be3 Rxe3 18. fxe3 Nf5 19. Nf2 Qg5 20. Kh1 Rd8 21. Qb1 Nxe3 22. Nxg4 Nxg4 23. Bf3 Nxh2 24. Kxh2 Bf2 25. Rg1 Rd6 {0-1 (25) Meduna,E (2390)-Varnusz,E (2410) Hungary 1978}) 16. h3 {The position is equal.} Bf5 17. e4 dxe3 18. Bxe3 Bxe3 19. Rxe3 Rxe3 20. Qxd7 Bxd7 21. fxe3 Rd8 22. Rd1 Be8 23. Rxd8 1/2-1/2

[Event "10th A Margaryan Memorial 2020"]
[Site "Yerevan"]
[Date "2020.01.16"]
[Round "6.4"]
[White "Shahinyan, David"]
[Black "Levin, Evgeny A."]
[Result "1-0"]
[WhiteElo "2444"]
[BlackElo "2527"]
[Annotator "RC"]
[PlyCount "81"]
[EventDate "2020.01.09"]
[EventType "tourn"]
[EventCountry "ARM"]
[SourceTitle "playchess.com"]
[Source "ChessBase"]
[SourceQuality "1"]
[TimeControl "40/5400+30:1800+30"]

1. g3 g6 2. Bg2 Bg7 3. c4 d6 4. Nc3 Nf6 5. e4 c5 6. d3 Nc6 7. Nge2 O-O 8. O-O a6 9. h3 Rb8 10. a4 Nd7 11. Be3 Nd4 12. f4 b6 13. Rb1 e6 14. b4 Bb7 15. Bf2 Ba8 16. g4 Bc6 17. Nxd4 cxd4 18. Ne2 e5 19. f5 Bf6 20. Ra1 a5 21. b5 Bb7 22. Bg3 Bh4 23. Qe1 Bxg3 24. Qxg3 g5 25. Kf2 Kg7 26. Rh1 Nc5 27. Qf3 Nd7 28. Ng3 Nf6 29. Rh2 Rh8 30. Rah1 Qc7 31. h4 h5 32. hxg5 Nxg4+ 33. Kg1 Nxh2 34. f6+ Kf8 35. Rxh2 Bc8 36. Rxh5 Rg8 37. Rh7 Be6 38. Qh5 Ke8 39. Nf5 Bxf5 40. exf5 e4 41. g6 1-0

[Event "10th A Margaryan Memorial 2020"]
[Site "Yerevan"]
[Date "2020.01.16"]
[Round "6.5"]
[White "Davtyan, Artur"]
[Black "Matviishen, Viktor"]
[Result "0-1"]
[WhiteElo "2437"]
[BlackElo "2497"]
[Annotator "TA"]
[PlyCount "66"]
[EventDate "2020.01.09"]
[EventType "tourn"]
[EventCountry "ARM"]
[SourceTitle "playchess.com"]
[Source "ChessBase"]
[SourceQuality "1"]

{[%evp 22,82,1,8,14,0,0,0,18,0,0,0,2,-2,-1,-9,-2,-21,0,2,7,14,7,6,8,8,10,-35,-37,-38,-45,-45,-45,-45,0,-68,-85,-86,-84,-97,-95,-427,-426,-530,-517,-433,-89,-312,-334,-338,-319,-330,-329,-338,-327,-336,-333,-852,-838,-5121,-4192,-4890,-2988]} 1. d4 d5 2. c4 dxc4 3. Nf3 a6 4. a4 Nf6 5. e3 e6 6. Bxc4 c5 7. O-O Nc6 8. Nc3 Be7 9. Qe2 cxd4 10. Rd1 O-O 11. exd4 Nb4 12. Bg5 h6 {D27: Queen's Gambit Accepted: Classical main line: 7 e4!? and 7 a4} (12... Bd7 13. d5 exd5 14. Nxd5 Nbxd5 15. Bxd5 Nxd5 16. Rxd5 Bxg5 17. Nxg5 h6 18. Qd2 hxg5 19. Rxd7 Qb6 20. a5 Qb3 {½-½ (32) Heberla,B (2550)-Zaitsev,M (2467) Germany 2019}) 13. Bh4 Bd7 14. Ne5 Be8 {The position is equal.} 15. Rac1 Rc8 $146 ({Predecessor:} 15... Nfd5 16. Bg3 Bg5 17. Ra1 Rc8 18. Ne4 Be7 19. h3 b5 20. axb5 Bxb5 21. Bxb5 {½-½ (34) Kretchetov,A (2340)-Bodek,M (2191) Los Angeles 2011}) 16. Bb3 a5 17. Bc4 Nfd5 18. Bg3 Bg5 19. Ra1 Nxc3 20. bxc3 Nd5 21. Qd3 h5 22. h3 h4 $36 {[%mdl 2048] Black fights for an advantage.} 23. Bh2 Bf4 24. Bxf4 Nxf4 25. Qf3 Qg5 26. Bf1 f6 27. Nd3 Nd5 {Hoping for ...Bh5.} 28. Re1 (28. Rdc1 $1 $11) 28... Rxc3 $15 29. Qe4 Bf7 30. Nc5 Nf4 31. Kh1 $2 {[%mdl 8192]} (31. Re3 $17 Rxe3 32. Qxe3) 31... e5 $19 {aiming for ...Bd5.} 32. Qb1 {Threatens to win with Ne4.} Bd5 33. Ne4 {[#]} Rxh3+ {Played: Qg5-f5} 0-1

[Event "10th A Margaryan Memorial 2020"]
[Site "Yerevan"]
[Date "2020.01.17"]
[Round "7.1"]
[White "Matviishen, Viktor"]
[Black "Sargsyan, Anna M."]
[Result "0-1"]
[WhiteElo "2497"]
[BlackElo "2382"]
[Annotator "TA"]
[PlyCount "60"]
[EventDate "2020.01.09"]
[EventType "tourn"]
[EventCountry "ARM"]
[SourceTitle "playchess.com"]
[Source "ChessBase"]
[SourceQuality "1"]

{[%evp 12,116,20,12,16,20,14,10,12,6,7,-4,11,-8,-9,-4,-2,-35,-35,-41,-29,-18,-20,-69,-72,-81,-79,-133,-134,-133,-132,-190,-190,-174,-192,-187,-181,-217,-149,-162,-47,-45,-12,-58,-49,-108,-51,-151,-141,-113,-26,-4,0,-285,-285,-285,-287,-533,-514,-511,-506,-524,-521,-486,-465,-416,-340,-431,-443,-441,-416,-445,-442,-439,-425,-561,-568,-568,-545,-520,-424,-562,-561,-524,-504,-570,-578,-680,-667,-698,-687,-664,-604,-724,-711,-697,-660,-1108,-1091,-2302,-2163,-3046,-2831,-2299,-2279,-12839,-8076]} 1. e4 e5 2. Nf3 Nc6 3. Bb5 a6 4. Ba4 Nf6 5. d3 b5 6. Bb3 Bc5 {Nowadays more popular than 6...Be7.} 7. Nc3 d6 {C77: Ruy Lopez: 3...a6 4 Ba4 Nf6, unusual lines.} 8. Nd5 h6 9. Nxf6+ Qxf6 {The position is equal.} 10. Bd5 Bd7 11. c3 O-O 12. O-O Rab8 13. Be3 Bb6 {[#]} 14. b4 $146 ({Predecessor:} 14. d4 Rfd8 15. a4 exd4 16. cxd4 Nb4 17. a5 Nxd5 18. exd5 Ba7 19. Rc1 Rb7 20. b4 {0-1 (35) Supriya,J (1829)-Akshaya,A (1966) Chennai 2011}) 14... a5 15. a4 axb4 16. Bxc6 Bxc6 17. a5 {[#]} Bxa5 $1 {[%mdl 512]} 18. Rxa5 bxc3 19. Qb3 (19. Qb1 $142 b4 20. Rc1) 19... b4 $17 {[%mdl 1024] Black has strong compensation.} 20. Qc4 Bd7 21. Ba7 (21. d4 $17) 21... Rb7 $19 22. Qa6 Bc8 23. Qc6 Qe7 24. d4 Qd7 25. d5 Qg4 (25... Qxc6 $1 $19 26. dxc6 Rxa7 $1 {[%mdl 512]} 27. Rxa7 b3) 26. Re1 $15 f5 27. h3 Qh5 $1 28. Nh2 (28. Nxe5 $15 dxe5 29. Bc5) 28... fxe4 (28... Qg6 $17 29. Kh1 Qh5) 29. Be3 {[#]} (29. Nf1 $1 $15) 29... Qe8 $1 $36 {[%cal Re8c6][%mdl 2048] aiming for ...Qxc6. Black is in control.} 30. Qc4 {[#]} Bd7 {Played: Qe8-f7} 0-1

[Event "10th A Margaryan Memorial 2020"]
[Site "Yerevan"]
[Date "2020.01.17"]
[Round "7.2"]
[White "Levin, Evgeny A."]
[Black "Davtyan, Artur"]
[Result "1/2-1/2"]
[WhiteElo "2527"]
[BlackElo "2437"]
[Annotator "TA"]
[PlyCount "98"]
[EventDate "2020.01.09"]
[EventType "tourn"]
[EventCountry "ARM"]
[SourceTitle "playchess.com"]
[Source "ChessBase"]
[SourceQuality "1"]

{[%evp 19,98,0,0,0,0,0,18,0,0,0,0,0,0,0,-8,-37,-31,-22,-13,-14,0,0,0,-16,-19,-13,0,0,0,0,0,0,0,0,0,0,0,-18,-15,-17,-16,-17,-16,-17,-16,-26,-17,-18,-16,-17,-9,-8,0,-31,-16,-16,-18,-16,-16,-16,-30,-31,-16,-114,-114,-119,-8,-8,-8,-8,0,0,0,0,0,0,0,0,0,0,0]} 1. d4 Nf6 2. c4 e6 3. Nf3 d5 4. Nc3 c6 5. e3 Nbd7 6. Qc2 Bd6 7. b3 O-O 8. Be2 b6 9. O-O Bb7 10. Bb2 Qe7 11. Rfe1 {D45: Semi-Slav: 5 e3} (11. Rad1 Rad8 12. Rfe1 Rfe8 13. Bf1 c5 14. cxd5 exd5 15. g3 Rc8 16. Qb1 cxd4 17. Nxd4 Bb4 18. Qa1 Ne5 19. Bg2 Qd7 20. a3 Bc5 21. Nce2 Ne4 22. Nf4 {½-½ (22) So,W (2760)-Giri,A (2776) Kolkata 2019}) 11... Rfd8 12. Rad1 Nf8 13. e4 $146 ({Predecessor:} 13. Bd3 dxc4 14. bxc4 c5 {1-0 (61) Santos Latasa,J (2549)-Sargsyan,A (2188) Batumi 2018}) 13... dxe4 14. Nxe4 Nxe4 15. Qxe4 c5 16. Qg4 {[#] And now dxc5 would win.} cxd4 17. Rxd4 (17. Bxd4 $5 {[%cal Rg4g7]} f6 18. Bc3 $11) 17... Ng6 18. Red1 e5 19. R4d2 f6 20. Nh4 Nxh4 21. Qxh4 Bb4 22. Rd3 e4 23. Rxd8+ Rxd8 24. Rxd8+ Qxd8 25. Qf4 Bd6 26. Qf5 Bc5 {Threatens to win with ...Qd2.} 27. Qe6+ Kf8 {Hoping for ...Qd2!} 28. Bc3 Qe7 29. Qxe7+ Kxe7 $11 {[%mdl 4096] Endgame KBB-KBB} 30. b4 Bd6 31. a3 Ke6 32. Bd4 Be5 33. Be3 $1 Bb2 34. a4 Ba3 35. Bd2 Bb2 36. Be3 Bc3 37. c5 Bxb4 38. Bc4+ Ke5 39. cxb6 a5 40. Kf1 Kd6 41. Bb5 {[#]} (41. Bg8 $11 {remains equal.}) 41... Bc5 $1 $17 42. Bf4+ Kd5 (42... Ke7 $17 43. Bc7 Bd6 44. Bxd6+ Kxd6) 43. Bc7 $11 {The position is equal.} Bd6 44. Bd8 Kc5 ({Don't blunder} 44... Bxh2 $2 45. g3 $18) 45. g3 Be5 46. Ke2 g5 47. h3 h6 48. g4 Bd4 49. Bc7 Kb4 {Accuracy: White = 76%, Black = 52%.} 1/2-1/2